山海經圖鑑

資料類型: Book 圖書   書目號:51606

Leader xxxxxxxxxx
001 __ 102483/9/01
005 __ 20171120175600.551
010 0_ |a9789862138175|b平裝|d新臺幣600元
042 __ |anbic
100 __ |a20171120d2017    m  y0chiy50      b
101 0_ |achi
102 __ |atw
105 __ |aa   z   000ay
200 1_ |a山海經圖鑑|f李豐楙審訂
205 __ |a初版
210 __ |a臺北市|c大塊文化,國家圖書館|d2017[民106]
215 0_ |a317 面|c彩圖|d22 公分
225 12 |a經典.藝壇|v03
606 __ |2cst|a山海經
606 __ |2cst|a清代彩繪本
681 __ |a857.21|b8457
700 _1 |a|b豐楙|4審訂
801 _0 |atw|bLibDipper|c20171120|gCCR
詳細館藏(共 1 筆)
索 書 號登 錄 號冊次號館別 / 館藏地流通類型狀態加入預約清單電子資源
857.21 / 8457 1024839  圖書館 / 一樓普通區 可外借30天 在館   

| 條列資料




目錄查詢 分類查詢 個人資料 圖書薦購 新書查詢 閉館日 排行榜 更多電子資源 Hami書城 線上資料庫 登出

From : 216.73.217.87

  本日流通累計至 01:02:43 借閱 : 0 次 續借 : 0 次 歸還 : 0 次 預約 : 0 次 電子資源 : 0 次


內湖高中圖書館  PCLIS 版本  26.5.0.12